000 00992nam a22002297a 4500
005 20240530110508.0
008 151021s2010 ua f 000 0 ara d
017 _a2010/17365
_bمصر . دار الكتب المصرية
040 _aEG-CaGPL
082 0 4 _221
_a327.63069
_bق/ع ك
100 0 _aعبدالله الاشعل .
245 1 0 _aكامب دافيد :
_bالعلاقات المصرية الاسرائيلية : التفسير المصرى لمعاهدة السلام /
_cعبدالله الاشعل .
250 _aط1.
260 _aالقاهرة :
_bمكتبة جزيرة الورد ،
_c2010 .
300 _a152 ص ؛
_c24 سم .
650 0 4 _aاتفاقيات كامب ديفيد .
650 0 4 _aجرائم اسرائيل ضد مصر .
651 0 4 _aمصر
_xتاريخ
_yالعصر الحديث
_yانور السادات .
651 0 4 _aمصر
_xالعلاقات الخارجية
_zاسرائيل .
942 _2ddc
_cBK
999 _c61612
_d61612